000
00309nam a2200121Ia 4500
008
190802s9999 xx 000 0 und d
020
_a
978-81-265-7349-3
100
_a
James A. Svoboda
245
0
_a
Dorf's Introduction to Electric Circuits
260
_a
USA
_b
Pearson
_c
2018
300
_a
886:P
942
_c
BK
999
_c
2347
_d
2347